Jaroslav Rössler : abstraktní fotografie /

Hlavní autor: Rössler, Jaroslav, 1902-1990
Další autoři: Moucha, Josef, 1956-
Jazyk: Čeština
Vydáno: [Ostrava] : Fotografická galerie Fiducia, 2007
Témata:
Fyzický popis: [32] s. : il. ; 21 cm
Knihy
Uloženo v:
LEADER 01581nam a2200445 a 4500
001 nkc20112221772
003 CZ PrNK
005 20140722081322.0
007 ta
008 110825s2007 xr a e c 000 0dcze
020 |q (Brož.) 
040 |a ABA001  |b cze 
043 |a e-xr--- 
045 |a x2x6 
072 7 |a 77  |x Fotografie. Fotografické postupy  |2 Konspekt  |9 21 
080 |a 77.04  |2 MRF 
080 |a (437.3)  |2 MRF 
080 |a (083.824)  |2 MRF 
100 1 |a Rössler, Jaroslav,  |d 1902-1990  |7 jk01102740  |4 pht 
245 1 0 |a Jaroslav Rössler :  |b abstraktní fotografie /  |c [úvodní text Josef Moucha] 
246 3 |a Jaroslav Rössler - abstraktní fotografie 
246 3 |a Abstraktní fotografie - Jaroslav Rössler 
260 |a [Ostrava] :  |b Fotografická galerie Fiducia,  |c 2007 
300 |a [32] s. :  |b il. ;  |c 21 cm 
500 |a Výstava je pořádána k 105. výročí autorova narození 
500 |a 500 výt. 
600 1 7 |a Rössler, Jaroslav,  |d 1902-1990  |7 jk01102740  |2 czenas 
648 7 |a 20. století  |7 ch460558  |2 czenas 
648 4 |a 1922-1969 
650 0 7 |a umělecká fotografie  |7 ph126879  |z Česko  |y 20. stol.  |2 czenas 
650 0 9 |a artistic photography  |z Czechia  |y 20th century  |2 eczenas 
655 7 |a katalogy výstav  |7 fd132536  |2 czenas 
655 9 |a exhibition catalogs  |2 eczenas 
700 1 |a Moucha, Josef,  |d 1956-  |7 jn20001227730  |4 wfw 
910 2 |a BOA001  |b 2-1329.658 
928 9 |a FGF 
990 |a BK 
995 |a 11 
991 |b 201407  |c NOV  |e n 
996 6 |b 2610597831  |c 2-1329.658  |l MZK  |r Sklad / do 1 hodiny  |n 4  |p p.v.  |w 001440256  |u 000010  |a 1  |e BOA001  |j MZK50  |s P